[Event "Bad Woerishofen op 34th"]
[Site "Bad Woerishofen"]
[Date "2018.03.01"]
[Round "7"]
[White "Walter, Tobias"]
[Black "Schweizer, Manfred"]
[Result "1-0"]
[WhiteElo "2034"]
[BlackElo "2039"]
[PlyCount "65"]
[EventDate "2018.02.23"]
[EventType "swiss"]
[EventRounds "9"]
[EventCountry "GER"]
[SourceTitle "CBM 183 Extra"]
[Source "ChessBase"]
[SourceDate "2018.04.19"]
[SourceVersion "1"]
[SourceVersionDate "2018.04.19"]
[SourceQuality "1"]

1. d4 d6 2. Bf4 Nf6 3. e3 g6 4. Nf3 Bg7 5. Be2 0-0 6. 0-0 Nbd7 7. h3 b6 8. a4 a6 9. Nbd2 c5 10. c3 Bb7 11. Qb3 e5 12. dxe5 dxe5 13. Bh2 Qe7 14. Rfd1 Bd5 15. Bc4 Bc6 16. Be2 Bd5 17. c4 Bc6 18. Ne1 Rfd8 19. Nb1 Qe6 20. Nc3 b5 21. axb5 axb5 22. Rxa8 Rxa8 23. Nxb5 Bxb5 24. Qxb5 Rb8 25. Qa4 Rxb2 26. Kf1 Rb4 27. Qa8+ Rb8 28. Qa7 h5 29. Nf3 Re8 30. Nd2 Qc6 31. Bf3 e4 32. Nxe4 Rxe4 33. Rd6 1-0

[Event "Bad Woerishofen op 34th"]
[Site "Bad Woerishofen"]
[Date "2018.02.28"]
[Round "6"]
[White "Schweizer, Manfred"]
[Black "Tochtrop, Matthias"]
[Result "1/2-1/2"]
[WhiteElo "2039"]
[BlackElo "2173"]
[PlyCount "42"]
[EventDate "2018.02.23"]
[EventType "swiss"]
[EventRounds "9"]
[EventCountry "GER"]
[SourceTitle "CBM 183 Extra"]
[Source "ChessBase"]
[SourceDate "2018.04.19"]
[SourceVersion "1"]
[SourceVersionDate "2018.04.19"]
[SourceQuality "1"]

1. g3 g6 2. e4 Bg7 3. d4 d5 4. e5 Nh6 5. Bg2 0-0 6. Ne2 c5 7. c3 Nc6 8. 0-0 cxd4 9. cxd4 Bg4 10. Nbc3 Bxe2 11. Nxe2 e6 12. Bd2 Nf5 13. Bc3 b5 14. Bh3 b4 15. Be1 Qb6 16. Bxf5 gxf5 17. Qd3 f6 18. exf6 Bxf6 19. Rd1 Rf7 20. Kh1 Rc8 21. f3 Bg7 1/2-1/2

[Event "Bayern-ch"]
[Site "Rosenheim"]
[Date "2017.08.20"]
[Round "1"]
[White "Bensch, Patrick"]
[Black "Schweizer, Manfred"]
[Result "1-0"]
[WhiteElo "2177"]
[BlackElo "2040"]
[PlyCount "59"]
[EventDate "2017.08.20"]
[EventType "swiss"]
[EventRounds "9"]
[EventCountry "GER"]
[SourceTitle "EXT 2019"]
[Source "ChessBase"]
[SourceDate "2018.10.10"]
[SourceVersion "1"]
[SourceVersionDate "2018.10.10"]
[SourceQuality "1"]

1. e4 d6 2. d4 Nf6 3. Nc3 g6 4. f4 Bg7 5. Nf3 0-0 6. Be3 b6 7. Bd3 c5 8. h3 cxd4 9. Nxd4 Bb7 10. 0-0 Nbd7 11. Qf3 a6 12. a4 Qc7 13. Nb3 Nc5 14. Nxc5 bxc5 15. Bc4 e6 16. Rad1 Rfd8 17. Bf2 Rd7 18. Bh4 Bc6 19. Rfe1 Qb7 20. b3 d5 21. Bxf6 Bxf6 22. exd5 exd5 23. Bxd5 Rxd5 24. Nxd5 Bd4+ 25. Rxd4 cxd4 26. Nf6+ Kg7 27. Qe2 Qb6 28. Qe5 d3+ 29. Kh2 Kf8 30. Nd7+ 1-0

[Event "Heusenstamm Sparkassen op-A 3rd"]
[Site "Heusenstamm"]
[Date "2016.11.27"]
[Round "3"]
[White "Schweizer, Manfred"]
[Black "Eg, Karlheinz"]
[Result "1-0"]
[WhiteElo "2044"]
[BlackElo "1820"]
[PlyCount "145"]
[EventDate "2016.11.24"]
[EventType "swiss"]
[EventRounds "7"]
[EventCountry "GER"]
[SourceTitle "EXT 2018"]
[Source "ChessBase"]
[SourceDate "2017.10.13"]
[SourceVersion "1"]
[SourceVersionDate "2017.10.13"]
[SourceQuality "1"]

1. g3 e5 2. Bg2 d5 3. d3 Nf6 4. Nf3 Nc6 5. 0-0 Be7 6. Nc3 0-0 7. Bg5 Be6 8. e4 dxe4 9. dxe4 h6 10. Bxf6 Bxf6 11. Nd5 g6 12. c3 Bg7 13. Qc2 Rc8 14. Rad1 Qe8 15. Rd2 Ne7 16. Ne3 Rd8 17. Rfd1 Rxd2 18. Rxd2 Qc8 19. Bf1 Rd8 20. Bc4 Rxd2 21. Qxd2 Bh3 22. Qd1 Qd7 23. Qb3 c6 24. Bxf7+ Kh7 25. Bc4 Nc8 26. Qc2 Nd6 27. Bb3 b5 28. c4 a6 29. Qd3 Qe7 30. a4 Nb7 31. Bc2 b4 32. b3 Nc5 33. Qd1 Bf6 34. Ng2 Bg4 35. Nge1 Kg7 36. Qd2 Ne6 37. Bd1 Ng5 38. Nxg5 Bxg5 39. Qd3 Be6 40. Nc2 a5 41. h4 Bf6 42. h5 Qd8 43. Qxd8 Bxd8 44. hxg6 Kxg6 45. Ne1 Bb6 46. Nd3 Bd4 47. Kg2 Kf6 48. f4 Bf7 49. Kh3 Bg6 50. Bf3 Bf7 51. Kh4 Bg6 52. Kg4 Bf7 53. Ne1 Bc3 54. Ng2 Bd4 55. Kh3 Be6+ 56. Bg4 Bf7 57. Ne1 Be8 58. Nd3 Bg6 59. Bf3 Bf7 60. Kg2 Be6 61. Nf2 Bd7 62. Be2 Be6 63. Bh5 Bd7 64. f5 Kg5 65. Bg6 Kf6 66. Ng4+ Kg7 67. Bh5 c5 68. f6+ Kf8 69. Nxh6 Bxa4 70. bxa4 b3 71. Bd1 b2 72. Bc2 Be3 73. Ng4 1-0

[Event "Regionalliga SW 1516"]
[Site "Bayern"]
[Date "2016.04.10"]
[Round "9.2"]
[White "Hoecher, Michael"]
[Black "Schweizer, Manfred"]
[Result "1-0"]
[WhiteElo "2116"]
[BlackElo "2028"]
[PlyCount "47"]
[EventDate "2015.10.11"]
[EventType "team-tourn"]
[EventRounds "9"]
[EventCountry "GER"]
[SourceTitle "EXT 2018"]
[Source "ChessBase"]
[SourceDate "2017.10.13"]
[SourceVersion "1"]
[SourceVersionDate "2017.10.13"]
[SourceQuality "1"]
[WhiteTeam "Garching III"]
[BlackTeam "Memmingen"]
[WhiteTeamCountry "GER"]
[BlackTeamCountry "GER"]

1. c4 Nf6 2. g3 g6 3. Bg2 Bg7 4. Nc3 d6 5. e4 c5 6. Nge2 Nc6 7. 0-0 0-0 8. d3 Bd7 9. h3 Rb8 10. Be3 a6 11. a4 Ne8 12. d4 cxd4 13. Nxd4 b6 14. b3 Nc7 15. Rb1 Nxd4 16. Bxd4 Bxd4 17. Qxd4 b5 18. axb5 axb5 19. e5 Bf5 20. Rbc1 bxc4 21. bxc4 dxe5 22. Qxe5 Be6 23. Rfd1 Qc8 24. Nd5 1-0

[Event "Regionalliga SW 1516"]
[Site "Bayern"]
[Date "2016.03.13"]
[Round "8.2"]
[White "Schweizer, Manfred"]
[Black "Dirr, Ulrich"]
[Result "1-0"]
[WhiteElo "2028"]
[BlackElo "2197"]
[PlyCount "93"]
[EventDate "2015.10.11"]
[EventType "team-tourn"]
[EventRounds "9"]
[EventCountry "GER"]
[SourceTitle "EXT 2018"]
[Source "ChessBase"]
[SourceDate "2017.10.13"]
[SourceVersion "1"]
[SourceVersionDate "2017.10.13"]
[SourceQuality "1"]
[WhiteTeam "Memmingen"]
[BlackTeam "MSA Zugzwang II"]
[WhiteTeamCountry "GER"]
[BlackTeamCountry "GER"]

1. e4 c5 2. Nf3 Nc6 3. Bb5 Nf6 4. Nc3 g6 5. h3 Bg7 6. 0-0 0-0 7. Re1 Nd4 8. Bc4 d6 9. Nd5 Nd7 10. Nh2 e6 11. Ne3 Nb6 12. Bf1 d5 13. d3 f5 14. c3 Nc6 15. exf5 exf5 16. Nc2 d4 17. c4 f4 18. Be2 h5 19. Bf3 Qd6 20. Bd2 Bf5 21. Be4 Bh6 22. Rb1 Ne5 23. b4 Bxe4 24. bxc5 Qf6 25. Rxe4 Nbd7 26. Bb4 Nc6 27. Nf3 Rae8 28. Qe2 Qf7 29. Re1 Nf6 30. Re6 Rd8 31. Ba3 Rfe8 32. Bb2 Rxe6 33. Qxe6 Nd7 34. Qxf7+ Kxf7 35. Ncxd4 Nxc5 36. Nxc6 bxc6 37. Ne5+ Kg8 38. d4 Na4 39. Nxc6 Rd6 40. Ne7+ Kf7 41. Ba1 Bg7 42. Nd5 Rd7 43. Rb1 g5 44. Kf1 Bf8 45. h4 Kg6 46. hxg5 Kxg5 47. Rb5 1-0

[Event "Regionalliga SW 1516"]
[Site "Bayern"]
[Date "2016.01.31"]
[Round "6.2"]
[White "Schweizer, Manfred"]
[Black "Antemia, Paul"]
[Result "1/2-1/2"]
[WhiteElo "2028"]
[BlackElo "2068"]
[PlyCount "61"]
[EventDate "2015.10.11"]
[EventType "team-tourn"]
[EventRounds "9"]
[EventCountry "GER"]
[SourceTitle "EXT 2018"]
[Source "ChessBase"]
[SourceDate "2017.10.13"]
[SourceVersion "1"]
[SourceVersionDate "2017.10.13"]
[SourceQuality "1"]
[WhiteTeam "Memmingen"]
[BlackTeam "Tuerkheim/Bad Woerishofen"]
[WhiteTeamCountry "GER"]
[BlackTeamCountry "GER"]

1. g3 d5 2. Bg2 e5 3. d3 c6 4. Nf3 Bd6 5. Nbd2 Ne7 6. e4 0-0 7. 0-0 f6 8. c3 Be6 9. Re1 Qd7 10. Qc2 Na6 11. Nf1 Rad8 12. Be3 c5 13. a4 d4 14. Bc1 b6 15. c4 Nb4 16. Qb3 Nec6 17. h4 h6 18. N1h2 f5 19. Bh3 Rf7 20. Qd1 Rdf8 21. exf5 Bxf5 22. Bxf5 Rxf5 23. Re4 Qf7 24. Kg2 a5 25. Qe2 Na6 26. g4 Qg6 27. Kh1 R5f7 28. h5 Qe6 29. Bd2 Nab8 30. Rg1 Nd7 31. g5 1/2-1/2

[Event "Bad Woerishofen op 30th"]
[Site "Bad Woerishofen"]
[Date "2014.03.23"]
[Round "5"]
[White "Dewenter, Ulf"]
[Black "Schweizer, Manfred"]
[Result "1-0"]
[WhiteElo "2178"]
[BlackElo "2046"]
[PlyCount "51"]
[EventDate "2014.03.21"]
[EventType "swiss"]
[EventRounds "9"]
[EventCountry "GER"]
[SourceTitle "CBM 159 Extra"]
[Source "ChessBase"]
[SourceDate "2014.04.24"]
[SourceVersion "1"]
[SourceVersionDate "2014.04.24"]
[SourceQuality "1"]

1. f4 g6 2. Nf3 Bg7 3. g3 d6 4. Bg2 e5 5. fxe5 dxe5 6. e4 Nc6 7. d3 Bg4 8. h3 Bd7 9. Nc3 Nge7 10. Be3 Nd4 11. 0-0 0-0 12. Ne2 c5 13. c3 Ne6 14. Qb3 Bc6 15. Rad1 a5 16. d4 exd4 17. cxd4 Bxe4 18. dxc5 Qc7 19. Qc4 Bc6 20. b3 Nf5 21. Bf2 Rad8 22. g4 Bxf3 23. Bxf3 Nfd4 24. Nxd4 Nxd4 25. Rxd4 b5 26. cxb6 1-0

[Event "Wunsiedel op 7th"]
[Site "Wunsiedel"]
[Date "2013.05.09"]
[Round "1"]
[White "Cech, Pavel"]
[Black "Schweizer, Manfred"]
[Result "1-0"]
[WhiteElo "2395"]
[BlackElo "2045"]
[PlyCount "61"]
[EventDate "2013.05.09"]
[EventType "swiss"]
[EventRounds "7"]
[EventCountry "GER"]
[SourceTitle "CBM 154 Extra"]
[Source "ChessBase"]
[SourceDate "2013.06.25"]
[SourceVersion "2"]
[SourceVersionDate "2013.06.25"]
[SourceQuality "1"]

1. d4 Nf6 2. Bg5 Ne4 3. Bf4 c5 4. f3 Qa5+ 5. c3 Nd6 6. Nd2 cxd4 7. Nb3 Qb6 8. cxd4 Nc6 9. e4 Nb5 10. Bxb5 Qxb5 11. Ne2 e5 12. Nc3 Bb4 13. Bd2 Qd3 14. Nd5 Bxd2+ 15. Qxd2 Qxd2+ 16. Kxd2 0-0 17. dxe5 Nxe5 18. Rac1 b6 19. Nd4 Bb7 20. Rc7 Bxd5 21. exd5 Rfc8 22. Rhc1 Rxc7 23. Rxc7 Kf8 24. d6 Ke8 25. Ke3 g6 26. Ke4 f6 27. h3 a6 28. f4 Nf7 29. Kd5 Kd8 30. Rb7 b5 31. Nb3 1-0

[Event "Bad Woerishofen op 29th"]
[Site "Bad Woerishofen"]
[Date "2013.03.04"]
[Round "4"]
[White "Pienabarca, Nicola"]
[Black "Schweizer, Manfred"]
[Result "1/2-1/2"]
[WhiteElo "2120"]
[BlackElo "2007"]
[PlyCount "26"]
[EventDate "2013.03.01"]
[EventType "swiss"]
[EventRounds "9"]
[EventCountry "GER"]
[SourceTitle "CBM 153 Extra"]
[Source "ChessBase"]
[SourceDate "2013.04.22"]
[SourceVersion "1"]
[SourceVersionDate "2013.04.22"]
[SourceQuality "1"]

1. d4 Nf6 2. c4 d6 3. Nc3 g6 4. Nf3 Bg7 5. g3 0-0 6. Bg2 Nbd7 7. 0-0 e5 8. e4 c6 9. h3 Qa5 10. d5 b5 11. Nd2 Nc5 12. Nb3 Nxb3 13. Qxb3 b4 1/2-1/2

[Event "Staufer op 25th"]
[Site "Schwaebisch Gmuend"]
[Date "2013.01.02"]
[Round "2"]
[White "Heimrath, Reiner"]
[Black "Schweizer, Manfred"]
[Result "1-0"]
[WhiteElo "2273"]
[BlackElo "2002"]
[PlyCount "57"]
[EventDate "2013.01.02"]
[EventType "swiss"]
[EventRounds "9"]
[EventCountry "GER"]
[SourceTitle "CBM 152 Extra"]
[Source "ChessBase"]
[SourceDate "2013.02.25"]
[SourceVersion "1"]
[SourceVersionDate "2013.02.25"]
[SourceQuality "1"]

1. e4 d6 2. d4 Nf6 3. Nc3 g6 4. Nf3 Bg7 5. h3 0-0 6. Be3 c6 7. a4 Qc7 8. Qd2 Nbd7 9. g4 e5 10. Bg2 d5 11. exd5 Nxd5 12. Nxd5 cxd5 13. dxe5 Nxe5 14. Nxe5 Qxe5 15. c3 Be6 16. 0-0 Qd6 17. Rfd1 Rfd8 18. a5 Qc7 19. Qe2 Bf8 20. Qf3 Bd6 21. Bg5 Be7 22. Bh6 Qe5 23. Be3 Qc7 24. Bd4 Bc5 25. Qf6 Bxd4 26. Rxd4 b6 27. c4 dxc4 28. Bxa8 Rxa8 29. Rad1 1-0

[Event "Bad Woerishofen op 28th"]
[Site "Bad Woerishofen"]
[Date "2012.03.06"]
[Round "5"]
[White "Schweizer, Manfred"]
[Black "Klaus, Daniel"]
[Result "1/2-1/2"]
[WhiteElo "2076"]
[BlackElo "1936"]
[PlyCount "59"]
[EventDate "2012.03.02"]
[EventType "swiss"]
[EventRounds "9"]
[EventCountry "GER"]
[SourceTitle "EXT 2019"]
[Source "ChessBase"]
[SourceDate "2018.10.10"]
[SourceVersion "1"]
[SourceVersionDate "2018.10.10"]
[SourceQuality "1"]

1. Nf3 c5 2. g3 d5 3. Bg2 Nc6 4. 0-0 e5 5. d3 Nf6 6. e4 d4 7. a4 h6 8. Na3 Be6 9. Nh4 Rc8 10. b3 a6 11. Qe1 Nb4 12. f4 Bd6 13. Nf5 0-0 14. Nxd6 Qxd6 15. Qe2 Nc6 16. f5 Bd7 17. h4 Nb4 18. g4 b5 19. g5 Nh7 20. Qh5 Kh8 21. gxh6 g6 22. Qe2 Qf6 23. Qf2 gxf5 24. exf5 Rg8 25. Kh2 Rg4 26. Kh3 Rxg2 27. Qxg2 Bxf5+ 28. Rxf5 Qxf5+ 29. Qg4 Qf1+ 30. Qg2 1/2-1/2

[Event "Pfalz op 03rd"]
[Site "Neustadt an der Weinstrasse"]
[Date "2012.02.17"]
[Round "1"]
[White "Schweizer, Manfred"]
[Black "Meinhardt, Maximilian"]
[Result "0-1"]
[WhiteElo "2072"]
[BlackElo "2391"]
[PlyCount "57"]
[EventDate "2012.02.17"]
[EventType "swiss"]
[EventRounds "9"]
[EventCountry "GER"]
[SourceTitle "EXT 2013"]
[Source "ChessBase"]
[SourceDate "2012.11.22"]
[SourceVersion "1"]
[SourceVersionDate "2012.11.22"]
[SourceQuality "1"]

1. Nf3 d5 2. g3 e6 3. Bg2 c5 4. d3 Nc6 5. Nc3 Nf6 6. 0-0 Be7 7. e4 0-0 8. Bg5 a6 9. a4 d4 10. Ne2 Bd7 11. c3 e5 12. Bxf6 Bxf6 13. Nd2 Be6 14. c4 Nb4 15. Nb3 Be7 16. f4 f6 17. f5 Bf7 18. Nec1 b5 19. axb5 axb5 20. Rxa8 Qxa8 21. cxb5 Qa4 22. b6 Rb8 23. Bf3 Rxb6 24. Nd2 Qe8 25. Be2 Ra6 26. Ncb3 Bf8 27. Qb1 Qa4 28. Bd1 Qa2 29. Be2 0-1

[Event "Gibraltar Masters 9th"]
[Site "Caleta"]
[Date "2011.01.29"]
[Round "5"]
[White "Boesch, Heinz"]
[Black "Schweizer, Manfred"]
[Result "1-0"]
[WhiteElo "1899"]
[BlackElo "2075"]
[PlyCount "41"]
[EventDate "2011.01.25"]
[EventType "swiss"]
[EventRounds "10"]
[EventCountry "GGB"]
[SourceTitle "CBM 141"]
[Source "ChessBase"]
[SourceDate "2011.03.17"]
[SourceVersion "1"]
[SourceVersionDate "2011.03.17"]
[SourceQuality "1"]

1. c4 Nf6 2. Nc3 g6 3. g3 Bg7 4. Bg2 d6 5. e3 e5 6. Nge2 c6 7. 0-0 0-0 8. b3 Nh5 9. d4 f5 10. dxe5 dxe5 11. Ba3 Re8 12. Qxd8 Rxd8 13. Rad1 Bf6 14. Rxd8+ Bxd8 15. Rd1 Bf6 16. g4 Ng7 17. f4 exf4 18. exf4 g5 19. gxf5 Bxf5 20. Ne4 Nd7 21. Rxd7 1-0

[Event "Gibraltar Masters 9th"]
[Site "Caleta"]
[Date "2011.01.28"]
[Round "4"]
[White "Schweizer, Manfred"]
[Black "Estrada Nieto, Julian"]
[Result "0-1"]
[WhiteElo "2075"]
[BlackElo "2309"]
[PlyCount "44"]
[EventDate "2011.01.25"]
[EventType "swiss"]
[EventRounds "10"]
[EventCountry "GGB"]
[SourceTitle "CBM 141"]
[Source "ChessBase"]
[SourceDate "2011.03.17"]
[SourceVersion "1"]
[SourceVersionDate "2011.03.17"]
[SourceQuality "1"]

1. g3 Nf6 2. Bg2 d5 3. c4 c6 4. Nf3 dxc4 5. Qc2 b5 6. a4 Bb7 7. Na3 a6 8. 0-0 e6 9. b3 cxb3 10. Qxb3 Nbd7 11. d4 Be7 12. Ne5 Nxe5 13. dxe5 Nd7 14. Rd1 Qb8 15. Be3 Nxe5 16. Bf4 g5 17. Bxe5 Qxe5 18. axb5 axb5 19. Nc4 Qc7 20. Rxa8+ Bxa8 21. Qa2 0-0 22. Na3 Qa5 0-1

[Event "Forchheim op 9th"]
[Site "Forchheim"]
[Date "2010.10.01"]
[Round "1"]
[White "Becker, Tobias"]
[Black "Schweizer, Manfred"]
[Result "0-1"]
[WhiteElo "1859"]
[BlackElo "2091"]
[PlyCount "64"]
[EventDate "2010.10.01"]
[EventType "swiss"]
[EventRounds "5"]
[EventCountry "GER"]
[SourceTitle "CBM 138 Extra"]
[Source "ChessBase"]
[SourceDate "2010.10.29"]
[SourceVersion "1"]
[SourceVersionDate "2010.10.29"]
[SourceQuality "1"]

1. d4 Nf6 2. c4 g6 3. Nc3 Bg7 4. e4 d6 5. f3 0-0 6. Be3 e5 7. d5 Nh5 8. Nge2 f5 9. Qd2 a6 10. Nc1 Nd7 11. Nd3 Ndf6 12. g3 fxe4 13. Nxe4 Nxe4 14. fxe4 Bg4 15. Be2 Nf6 16. Nf2 Qd7 17. 0-0-0 Bxe2 18. Qxe2 c5 19. g4 b5 20. h4 bxc4 21. h5 Qa4 22. hxg6 hxg6 23. g5 Qxa2 24. gxf6 c3 25. Nd3 c4 26. fxg7 cxd3 27. gxf8Q+ Rxf8 28. Rxd3 Rc8 29. Rxc3 Rxc3+ 30. Kd1 Qb1+ 31. Kd2 Rc2+ 32. Kd3 Rc1+ 0-1

[Event "Fermo op 1st"]
[Site "Fermo"]
[Date "2010.08.26"]
[Round "6"]
[White "Schweizer, Manfred"]
[Black "Martinez, Rolly"]
[Result "0-1"]
[WhiteElo "2130"]
[BlackElo "2423"]
[PlyCount "66"]
[EventDate "2010.08.21"]
[EventType "swiss"]
[EventRounds "9"]
[EventCountry "ITA"]
[SourceTitle "CBM 138 Extra"]
[Source "ChessBase"]
[SourceDate "2010.10.29"]
[SourceVersion "1"]
[SourceVersionDate "2010.10.29"]
[SourceQuality "1"]

1. Nf3 Nf6 2. g3 d5 3. c4 d4 4. e3 Nc6 5. exd4 Nxd4 6. Bg2 c6 7. Na3 Bf5 8. 0-0 e6 9. Nxd4 Qxd4 10. Qb3 0-0-0 11. Nc2 Qb6 12. Ne3 Bd3 13. Re1 Bc5 14. Bf1 Ne4 15. Bxd3 Qxb3 16. axb3 Rxd3 17. b4 Bd4 18. Ra3 Rxa3 19. bxa3 Rd8 20. d3 Nc3 21. Bb2 Na4 22. Bc1 Bb2 23. c5 b5 24. cxb6 axb6 25. Nc4 Bc3 26. Rd1 b5 27. Na5 Kc7 28. Kf1 c5 29. Nb3 c4 30. Nc5 Nxc5 31. bxc5 cxd3 32. Be3 Kc6 33. f4 Bb2 0-1

[Event "Augsburg Ibis 5th"]
[Site "Augsburg"]
[Date "2009.01.05"]
[Round "11"]
[White "Rooze, Jan"]
[Black "Schweizer, Manfred"]
[Result "0-1"]
[WhiteElo "2316"]
[BlackElo "2123"]
[PlyCount "46"]
[EventDate "2008.12.26"]
[EventType "tourn"]
[EventRounds "11"]
[EventCountry "GER"]
[EventCategory "3"]
[SourceTitle "CBM 128 Extra"]
[Source "ChessBase"]
[SourceDate "2009.03.05"]
[SourceVersion "2"]
[SourceVersionDate "2009.03.25"]
[SourceQuality "1"]

1. e4 d6 2. d4 Nf6 3. Nc3 g6 4. Bd3 c6 5. h3 Qa5 6. Be3 b5 7. Nf3 Nbd7 8. 0-0 Bg7 9. Qe1 b4 10. Ne2 Qb6 11. Nf4 0-0 12. e5 Nd5 13. exd6 exd6 14. Nxd5 cxd5 15. Qd2 Nf6 16. Bh6 Ne4 17. Qf4 Bb7 18. Bxg7 Kxg7 19. Rfe1 Rae8 20. Rad1 Qa5 21. Bxe4 dxe4 22. Nd2 Qd5 23. Nf1 e3 0-1

[Event "Augsburg Ibis 5th"]
[Site "Augsburg"]
[Date "2009.01.01"]
[Round "7"]
[White "Arnaudov, Petar G"]
[Black "Schweizer, Manfred"]
[Result "1-0"]
[WhiteElo "2344"]
[BlackElo "2123"]
[PlyCount "81"]
[EventDate "2008.12.26"]
[EventType "tourn"]
[EventRounds "11"]
[EventCountry "GER"]
[EventCategory "3"]
[SourceTitle "CBM 128 Extra"]
[Source "ChessBase"]
[SourceDate "2009.03.05"]
[SourceVersion "2"]
[SourceVersionDate "2009.03.25"]
[SourceQuality "1"]

1. d4 d6 2. Nf3 g6 3. c4 Nf6 4. Nc3 Bg7 5. e4 0-0 6. h3 e5 7. dxe5 dxe5 8. Qxd8 Rxd8 9. Bg5 c6 10. Nxe5 Re8 11. 0-0-0 Nxe4 12. Nxe4 Bxe5 13. f4 Bg7 14. Nd6 Rf8 15. Be7 Be6 16. Bxf8 Kxf8 17. Nxb7 Nd7 18. Na5 Rb8 19. b3 Rb7 20. Rd6 Bc3 21. Nxc6 Bb4 22. Rxe6 fxe6 23. Nxb4 Rxb4 24. Kc2 a5 25. Be2 Nc5 26. Bf3 Rb6 27. Kc3 Ke7 28. Re1 Nd7 29. h4 Kf6 30. Bg4 h5 31. Bd1 Kf5 32. g3 Rd6 33. a3 e5 34. fxe5 Nxe5 35. Bc2+ Kf6 36. b4 Nc6 37. c5 Rd8 38. Rd1 axb4+ 39. axb4 Rxd1 40. Bxd1 Ke5 41. b5 1-0